|
|
|
|
| LEADER |
00990nam a22002177a 4500 |
| 001 |
AAL3955 |
| 003 |
BD-DhAAL |
| 005 |
20160313173019.0 |
| 008 |
160313s 2000bg ||||| |||| 00| 0 ben d |
| 040 |
|
|
|a BD-DhAAL
|c BD-DhAAL
|
| 082 |
|
|
|a 345
|
| 100 |
|
|
|a মিয়া, ছিদ্দিকুর রহমান
|9 18473
|
| 245 |
|
|
|a নারী ও শিশু নির্যাতন দমন আইন-২০০০ এবং যৌতুক নিরোধ আইন-১৯৮০ /
|c ছিদ্দিকুর রহমান মিয়া
|
| 260 |
|
|
|a ঢাকা :
|b কামরুল বুক হাউস,
|c ২০০০
|
| 300 |
|
|
|a ২৮৮ পৃ. ;
|c ২২ সে.মি.
|
| 541 |
|
|
|e 3955
|
| 650 |
|
|
|a Criminal law
|9 18474
|
| 852 |
|
|
|a Savar Campus Library
|c General Shelf
|
| 942 |
|
|
|2 ddc
|c BK
|
| 999 |
|
|
|c 37096
|d 37096
|
| 952 |
|
|
|0 0
|1 0
|2 ddc
|4 0
|6 345_000000000000000_MIA
|7 0
|9 58353
|a SCL
|b SCL
|c GEN
|d 2016-03-13
|g 200.00
|l 0
|o 345 MIA
|p 3020003955
|r 2016-03-13
|t 1
|w 2016-03-13
|y BK
|